| 000 | 00791nam a2200241 a 4500 | ||
|---|---|---|---|
| 001 | 000024642 | ||
| 005 | 20200930023302.0 | ||
| 008 | 110201s1994 sp r 000 f spa d | ||
| 020 | _a8420481467 | ||
| 040 |
_aDO-SdBNP _bspa _cBNPHU |
||
| 082 |
_a863.6 _bS162s |
||
| 100 | 1 |
_aSampedro, José Luis, _d1917- _915084 |
|
| 245 | 1 | 0 |
_aLa sombra de los días / _cJosé Luis Sampedro. |
| 260 |
_aMadrid, (España) : _bAlfaguara, _c1994. |
||
| 300 |
_a208, [8] p. ; _c22 CM. |
||
| 490 | 1 |
_aAlfaguara hispánica _v123 |
|
| 500 | _aIncluye datos biográficos del autor en la solapa de la contracubierta | ||
| 650 | 4 |
_aNovela española _91123 |
|
| 650 | 4 |
_aNovela histórica española _96177 |
|
| 650 | 4 |
_aLiteratura española _9632 |
|
| 830 | 0 |
_aAlfaguara hispánica ; _v123 _94764 |
|
| 049 | _aBNGR | ||
| 999 |
_c24135 _d24135 |
||